Name All of the Circle Line Stations - Statistics

General Stats
  • This quiz has been taken 68 times
  • The average score is 22 of 35
Answer Stats
Zone Other Lines Answer % Correct
1 DistrictHammersmith & City Edgware Road
83%
1 Hammersmith & CityMetropolitan Northern Piccadilly Victoria King's Cross/St Pancras
80%
1 BakerlooDistrict Elizabeth Hammersmith & City Paddington
80%
1 BakerlooHammersmith & City Jubilee Metropolitan Baker Street
77%
2 DistrictHammersmith & City Piccadilly Hammersmith
77%
1 Hammersmith & CityMetropolitan Euston Square
73%
1 CentralElizabeth
Hammersmith & City
Metropolitan
Weaver
Liverpool Street
73%
1 CentralDistrict Notting Hill Gate
73%
1 DistrictPiccadilly South Kensington
73%
1 Hammersmith & CityMetropolitan Barbican
70%
1 Hammersmith & CityMetropolitan Great Portland Street
70%
1 BakerlooDistrict Northern Embankment
67%
1 District Monument
67%
2 Hammersmith & City Shepherd's Bush Market
67%
1 District Sloane Square
67%
1 District Tower Hill
67%
1 Metropolitan Aldgate
63%
2 Hammersmith & City Ladbroke Grove
63%
1 District Temple
63%
1 DistrictVictoria Victoria
63%
1 District Mansion House
60%
1 Hammersmith & CityMetropolitan Northern Moorgate
60%
1 DistrictJubilee Westminster
60%
2 Hammersmith & City Goldhawk Road
57%
1 District High Street Kensington
57%
2 Hammersmith & City Latimer Road
57%
1 District Blackfriars
53%
1 District Cannon Street
53%
1 District St James's Park
53%
2 Hammersmith & City Wood Lane
53%
1 District Bayswater
50%
1 DistrictPiccadilly Gloucester Road
50%
2 Hammersmith & City Westbourne Park
47%
2 Hammersmith & City Royal Oak
43%
1 ElizabethHammersmith & City
Metropolitan
Farrington
13%
No matching quizzes found
Score Distribution
Percent of People with Each Score
Percentile by Number Answered
Your Score History
You have not taken this quiz